Normal view
MARC view
Entry Nome pessoal
001 - NÚMERO DE CONTROLE
- campo de controle: 261
003 - IDENTIFICADOR DO NÚMERO DE CONTROLE
- campo de controle: Br
005 - DATA E HORÁRIO DA ÚLTIMA TRANSAÇÃO
- campo de controle: 20250331104323.0
008 - CAMPO DE DADOS FIXOS
- campo de controle de tamanho fixo: 100011|| acnnnaab| aaaa d
035 ## - NÚMERO DE CONTROLE DO SISTEMA
- Número de Controle do Sistema: 100011914402646E18
040 ## - FONTE DA CATALOGAÇÃO
- Instituição da catalogação original: Br
- Instituição que transcreveu o registro: Br
100 1# - CABEÇALHO--NOME PESSOAL
- Nome pessoal: Jung Chang,
- Datas associadas ao nome: 1952-
400 1# - REMISSIVA VER--NOME PESSOAL
- Nome pessoal: Zhang, Rong
- Datas associadas ao nome: 1952-
400 1# - REMISSIVA VER--NOME PESSOAL
- Nome pessoal: Jung, Chang
- Datas associadas ao nome: 1952-
670 ## - FONTE POSITIVA DOS DADOS
- Citação da fonte positiva dos dados: Autor de: Cisnes selvagens. 1994.
- Dados encontrados na fonte localizada no subcampo: (ficha cat.: d.n.)
670 ## - FONTE POSITIVA DOS DADOS
- Citação da fonte positiva dos dados: LC nam. aut. 77-86
- Dados encontrados na fonte localizada no subcampo: (d.n.; rem.)